Представление документа в формате MARC21

ПолеНазваниеЗначение
  Тип записи a
  Библиографический уровень m
001 Контрольный номер RU\infra-m\znanium\bibl\2215963
005 Дата корректировки 20260429142407.4
008 Кодируемые данные 260119s2026 RU g rus u
020 Индекс ISBN __
a ISBN 978-5-91768-248-8
020 Индекс ISBN __
a ISBN 978-5-16-104316-5 (электр. издание)
020 Индекс ISBN __
a ISBN 978-5-16-005269-4 (ISBN соиздателя)
040 Источник каталогиз. __
a Служба первич. каталог. Общество с ограниченной ответственностью «ЗНАНИУМ»
041 Код языка издания __
a Код языка текста rus
044 Код страны публикации __
a Код страны публикации RU
080 Индекс УДК __
a Индекс УДК 340.6(075.8)
084 Индекс другой классификации/Индекс ББК __
2 Источник индекса rubbk
a Индекс другой классификации/Индекс ББК 58я7-1
084 Индекс другой классификации/Индекс ББК __
2 Источник индекса okso
a Индекс другой классификации/Индекс ББК 31.05.01
084 Индекс другой классификации/Индекс ББК __
2 Источник индекса okso
a Индекс другой классификации/Индекс ББК 31.05.02
084 Индекс другой классификации/Индекс ББК __
2 Источник индекса okso
a Индекс другой классификации/Индекс ББК 32.05.01
084 Индекс другой классификации/Индекс ББК __
2 Источник индекса okso
a Индекс другой классификации/Индекс ББК 40.03.01
084 Индекс другой классификации/Индекс ББК __
2 Источник индекса okso
a Индекс другой классификации/Индекс ББК 40.04.01
084 Индекс другой классификации/Индекс ББК __
2 Источник индекса okso
a Индекс другой классификации/Индекс ББК 40.05.01
084 Индекс другой классификации/Индекс ББК __
2 Источник индекса okso
a Индекс другой классификации/Индекс ББК 40.05.02
084 Индекс другой классификации/Индекс ББК __
2 Источник индекса okso
a Индекс другой классификации/Индекс ББК 40.05.03
084 Индекс другой классификации/Индекс ББК __
2 Источник индекса okso
a Индекс другой классификации/Индекс ББК 40.05.04
245 Заглавие __
a Заглавие Судебная медицина
b Продолж. заглавия Учебник
c Ответственность Российский национальный исследовательский медицинский университет им. Н.И. Пирогова
250 Сведения об издании __
g перераб. и доп.
a Основные сведения об издании 2
260 Выходные данные __
a Место издания Москва
b Издательство ООО "Юридическое издательство Норма"
c Дата издания 2026
300 Физическое описание __
a Объем 432 с.
520 Аннотация __
a Аннотация В учебнике изложены основные вопросы судебной медицины применительно к производству судебно-медицинской экспертизы в том числе судебно-медицинская танатология экспертиза механических повреждений смерти от асфиксии отравлений и др. Приведены сведения по организации судебно-медицинской экспертизы потерпевших подозреваемых обвиняемых и других лиц о лабораторных и специальных методах исследования применяемых в судебной медицине. Для студентов вузов юридического профиля.
521 Примеч. о цел. назн. __
a Примеч. о целев. назн. ВО - Бакалавриат
650 Тематические рубрики __
a Основная рубрика Право. Юридические науки
x Основная подрубрика Судебная медицина и психиатрия
655 Указ. предметных рубрик (устаревшее) __
a Жанр/ форма (устаревшее) Учебник
700 Другие авторы __
a Другие авторы Крюков В. Н.
q Полное имя Крюков Виталий Николаевич
u Дополнение Российский национальный исследовательский медицинский университет им. Н.И. Пирогова
856 Электронный адрес документа 4_
a Имя сервера/домена znanium.ru
m Помощь ebs_support@infra-m.ru
n Местонахождение сервера НИЦ ИНФРА-М
u URL https://znanium.ru/catalog/document?id=476600
856 Электронный адрес документа 48
a Имя сервера/домена znanium.ru
d Путь /cover/2215
f Электронное имя 2215963.jpg
u URL https://znanium.ru/cover/2215/2215963.jpg
911 __
u 0030=https://znanium.ru/catalog/document?id=476600